[Event "Timbo op 3rd"]
[Site "Timbo"]
[Date "2023.11.04"]
[Round "4"]
[White "Waterkemper, Lucas Bauler"]
[Black "Messias, Jose Vitor Lamosa P"]
[Result "0-1"]
[WhiteElo "1224"]
[BlackElo "1586"]
[PlyCount "122"]
[EventDate "2023.11.03"]
[EventType "swiss"]
[EventRounds "6"]
[EventCountry "BRA"]
[SourceTitle "CBM 217 Extra"]
[Source "ChessBase"]
[SourceDate "2024.01.31"]
[SourceVersion "1"]
[SourceVersionDate "2024.01.31"]
[SourceQuality "1"]

1. e4 e6 2. d4 d5 3. exd5 exd5 4. Bd3 Nf6 5. Nf3 Bd6 6. 0-0 0-0 7. h3 h6 8. Re1 Be6 9. c3 c6 10. Be3 Qc7 11. Nbd2 Bf4 12. Bxf4 Qxf4 13. Ne5 h5 14. Ndf3 Nbd7 15. Qc1 Qxc1 16. Raxc1 Nxe5 17. Nxe5 Rfe8 18. Re3 Re7 19. Rce1 Rae8 20. g3 Bxh3 21. Kh2 Be6 22. Bc2 Kf8 23. f3 Nd7 24. f4 Nxe5 25. fxe5 Bg4 26. Rf1 Re6 27. Bf5 Bxf5 28. Rxf5 g6 29. Rf2 Kg8 30. Kh3 Rf8 31. Ref3 Kg7 32. Kh4 f6 33. b3 Kh6 34. g4 hxg4 35. Kxg4 f5+ 36. Kg3 Rh8 37. Kf4 Kg7 38. Rg2 Rh4+ 39. Ke3 Kh6 40. Rf4 Rh3+ 41. Rf3 Rxf3+ 42. Kxf3 g5 43. Rh2+ Kg7 44. Rg2 Kg6 45. Rh2 Re8 46. Kg3 b6 47. Rh1 c5 48. Rd1 cxd4 49. cxd4 Rc8 50. Rd3 b5 51. b4 Rc4 52. a3 a6 53. Kh3 Rc1 54. Kg2 f4 55. Rd2 g4 56. Rd3 Kf5 57. Rd2 Rc3 58. Rd1 Rc2+ 59. Kg1 g3 60. Rf1 Kg4 61. e6 Re2 0-1

[Event "Catarinense-ch U20"]
[Site "Rio Negrinho"]
[Date "2023.03.25"]
[Round "4"]
[White "Bittencourt, Arian G Decezare"]
[Black "Messias, Jose Vitor Lamosa P"]
[Result "1/2-1/2"]
[WhiteElo "1474"]
[BlackElo "1664"]
[PlyCount "114"]
[EventDate "2023.03.24"]
[EventType "swiss"]
[EventRounds "6"]
[EventCountry "BRA"]
[SourceTitle "CBM 213 Extra"]
[Source "ChessBase"]
[SourceDate "2023.05.31"]
[SourceVersion "1"]
[SourceVersionDate "2023.05.31"]
[SourceQuality "1"]

1. e4 e5 2. Nf3 Nf6 3. Nc3 Nc6 4. Bb5 Nd4 5. Ba4 c6 6. d3 b5 7. Bb3 Nxb3 8. axb3 d6 9. Bg5 Be7 10. Ne2 0-0 11. Ng3 h6 12. Be3 Qc7 13. 0-0 d5 14. h3 Rd8 15. Qe2 c5 16. Bd2 dxe4 17. Nxe4 a5 18. Bc3 Nxe4 19. Qxe4 Bb7 20. Qxe5 Qxe5 21. Nxe5 Bf6 22. Ng4 Bxc3 23. bxc3 Re8 24. Rfe1 Rxe1+ 25. Rxe1 a4 26. Ra1 a3 27. Ne3 Kf8 28. b4 Ke7 29. Kf1 Ke6 30. g3 Bf3 31. Ke1 f5 32. h4 Ke5 33. Nf1 f4 34. Nd2 Bd5 35. Nb3 c4 36. Nd4 cxd3 37. cxd3 fxg3 38. fxg3 a2 39. Nxb5 Bb3 40. Nd4 Ra3 41. Nxb3 Rxb3 42. Rxa2 Rxc3 43. Kd2 Rb3 44. Ra7 g5 45. Ra6 gxh4 46. gxh4 h5 47. Rh6 Kd4 48. Rd6+ Ke5 49. Rc6 Rxb4 50. Rc5+ Kd4 51. Rxh5 Rb2+ 52. Kc1 Rh2 53. Rh8 Kxd3 54. h5 Ke4 55. h6 Kf5 56. Kd1 Kg6 57. Rg8+ Kh7 1/2-1/2

[Event "Catarinense-ch U20"]
[Site "Rio Negrinho"]
[Date "2023.03.24"]
[Round "2"]
[White "Cordeiro, Marco Aurelio Zaror"]
[Black "Messias, Jose Vitor Lamosa P"]
[Result "1-0"]
[WhiteElo "2074"]
[BlackElo "1664"]
[PlyCount "71"]
[EventDate "2023.03.24"]
[EventType "swiss"]
[EventRounds "6"]
[EventCountry "BRA"]
[SourceTitle "CBM 213 Extra"]
[Source "ChessBase"]
[SourceDate "2023.05.31"]
[SourceVersion "1"]
[SourceVersionDate "2023.05.31"]
[SourceQuality "1"]

1. e4 e6 2. d4 d5 3. Nc3 dxe4 4. Nxe4 Bd7 5. c4 Bb4+ 6. Nc3 c5 7. a3 Bxc3+ 8. bxc3 Bc6 9. Be3 Nf6 10. f3 0-0 11. Nh3 Nbd7 12. Bd3 Ng4 13. fxg4 Bxg2 14. Rg1 Bxh3 15. Qf3 Qh4+ 16. Qg3 Qxg3+ 17. Rxg3 Bxg4 18. Rxg4 Rfd8 19. 0-0-0 Rac8 20. Kb2 g6 21. Rg2 Nb6 22. Kb3 Rc6 23. Rgd2 Rdc8 24. dxc5 Nd7 25. Be4 Nxc5+ 26. Bxc5 Rxc5 27. Rd8+ Kg7 28. Rxc8 Rxc8 29. Bxb7 Rb8 30. Rd7 Kf6 31. Kc2 e5 32. Bd5 Rf8 33. c5 e4 34. c6 Ke5 35. c7 Rc8 36. Bb7 1-0

[Event "Pan American-ch U2000"]
[Site "Timbo"]
[Date "2021.12.04"]
[Round "7"]
[White "Messias, Jose Vitor Lamosa P"]
[Black "Pavao, Fabio Biasi"]
[Result "1/2-1/2"]
[WhiteElo "1702"]
[BlackElo "1806"]
[PlyCount "86"]
[EventDate "2021.12.01"]
[EventType "swiss"]
[EventRounds "9"]
[EventCountry "BRA"]
[SourceTitle "CBM 205 Extra"]
[Source "ChessBase"]
[SourceDate "2022.01.31"]
[SourceVersion "1"]
[SourceVersionDate "2022.01.31"]
[SourceQuality "1"]

1. e4 c5 2. Nf3 g6 3. d4 cxd4 4. Nxd4 Bg7 5. c4 Nc6 6. Be3 Nf6 7. Nc3 0-0 8. Be2 d6 9. 0-0 Ng4 10. Bxg4 Bxg4 11. Nxc6 Bxd1 12. Nxd8 Bc2 13. Rac1 Bd3 14. Rfd1 Bxc4 15. Nxb7 a5 16. Nd5 Bxa2 17. Nxe7+ Kh8 18. Bd4 Bxd4 19. Rxd4 Ra7 20. Rc7 Rb8 21. Rc8+ Rxc8 22. Nxc8 Rxb7 23. Nxd6 Rxb2 24. f3 Bb3 25. Nc4 Rb1+ 26. Kf2 a4 27. Nd2 Rb2 28. Ke3 Bc2 29. g3 Kg7 30. Rd7 Bb3 31. Rb7 Ra2 32. Nxb3 axb3 33. Rxb3 Rxh2 34. f4 Ra2 35. e5 Ra6 36. Rd3 h5 37. Ke4 Ra4+ 38. Kf3 Ra6 39. Kg2 Re6 40. Kh3 g5 41. Rd6 gxf4 42. gxf4 Rg6 43. Rd3 Rg4 1/2-1/2

[Event "Pan American-ch U2000"]
[Site "Timbo"]
[Date "2021.12.01"]
[Round "1"]
[White "Messias, Jose Vitor Lamosa P"]
[Black "Almeida, Heidy Jose Moreira"]
[Result "0-1"]
[WhiteElo "1702"]
[BlackElo "1839"]
[PlyCount "84"]
[EventDate "2021.12.01"]
[EventType "swiss"]
[EventRounds "9"]
[EventCountry "BRA"]
[SourceTitle "CBM 205 Extra"]
[Source "ChessBase"]
[SourceDate "2022.01.31"]
[SourceVersion "1"]
[SourceVersionDate "2022.01.31"]
[SourceQuality "1"]

1. e4 c5 2. Nf3 d6 3. Bb5+ Nc6 4. 0-0 a6 5. Bxc6+ bxc6 6. d3 g6 7. h3 Bg7 8. Nc3 e5 9. Be3 Ne7 10. Qd2 0-0 11. Bh6 f5 12. Bxg7 Kxg7 13. exf5 Bxf5 14. Rfe1 Rb8 15. b3 Rb4 16. a3 Rf4 17. Ne2 Rxf3 18. gxf3 Bxh3 19. Kh2 Be6 20. Rh1 Rxf3 21. Nc3 Nf5 22. Rag1 Nh4 23. Rg3 Rf5 24. Kg1 h5 25. Qe3 Bd5 26. Nxd5 cxd5 27. Kf1 Rf4 28. Rhh3 Nf5 29. Qd2 h4 30. Ke1 g5 31. f3 Kg6 32. Rg1 Nd4 33. Kf2 Qf6 34. Qd1 e4 35. Ke3 Rxf3+ 36. Rxf3 Nxf3 37. Rg4 Qf5 38. Rg2 Qf4+ 39. Kf2 h3 40. Rg1 e3+ 41. Ke2 Nd4+ 42. Ke1 Qf2# 0-1

[Event "Pan American-ch U2000"]
[Site "Timbo"]
[Date "2021.12.01"]
[Round "2"]
[White "Santos, Otavio Belegarde do"]
[Black "Messias, Jose Vitor Lamosa P"]
[Result "0-1"]
[WhiteElo "1816"]
[BlackElo "1702"]
[PlyCount "76"]
[EventDate "2021.12.01"]
[EventType "swiss"]
[EventRounds "9"]
[EventCountry "BRA"]
[SourceTitle "CBM 205 Extra"]
[Source "ChessBase"]
[SourceDate "2022.01.31"]
[SourceVersion "1"]
[SourceVersionDate "2022.01.31"]
[SourceQuality "1"]

1. d4 Nf6 2. c4 e6 3. Bg5 Be7 4. Nc3 b6 5. Nf3 Bb7 6. e3 0-0 7. Qc2 d5 8. Bd3 h6 9. Bh4 Nbd7 10. Bg3 c5 11. 0-0 Nh5 12. Bh7+ Kh8 13. Be5 Nxe5 14. Nxe5 Nf6 15. Bg6 fxg6 16. Nxg6+ Kg8 17. Nxf8 Qxf8 18. Nb5 Qf7 19. b3 a6 20. Nc3 Rc8 21. Qe2 Qg6 22. f3 Bd6 23. Rad1 Qh5 24. h3 Qg5 25. f4 Qg6 26. Rf2 dxc4 27. bxc4 cxd4 28. exd4 Nh5 29. Qg4 Qxg4 30. hxg4 Nxf4 31. Na4 Rxc4 32. Nxb6 Rc3 33. Nd7 Rg3 34. Rdd2 Nh3+ 35. Kf1 Nxf2 36. Rxf2 Rxg4 37. Nc5 Bxc5 38. dxc5 Re4 0-1

[Event "Sao Bento do Sul op 05"]
[Site "Sao Bento do Sul"]
[Date "2021.05.09"]
[Round "5"]
[White "Luz, Christian Oliveira"]
[Black "Messias, Jose Vitor Lamosa P"]
[Result "0-1"]
[WhiteElo "1466"]
[BlackElo "1742"]
[PlyCount "120"]
[EventDate "2021.05.07"]
[EventType "swiss"]
[EventRounds "6"]
[EventCountry "BRA"]
[SourceTitle "EXT 2022"]
[Source "ChessBase"]
[SourceDate "2021.10.06"]
[SourceVersion "1"]
[SourceVersionDate "2021.10.06"]
[SourceQuality "1"]

1. e4 c5 2. Bc4 d6 3. Nf3 Nf6 4. d3 a6 5. a4 Nc6 6. h3 g6 7. c3 Bg7 8. Bg5 Rb8 9. Na3 0-0 10. Qd2 Bd7 11. Nc2 b5 12. axb5 axb5 13. Ba2 b4 14. Bc4 bxc3 15. bxc3 Rb2 16. 0-0 Qc7 17. Qc1 Rfb8 18. Ra8 R2b7 19. Rxb8+ Qxb8 20. Bh6 Bxh6 21. Qxh6 Rb1 22. Qd2 Qb2 23. Ne3 Rxf1+ 24. Kxf1 Qa1+ 25. Ke2 Na5 26. Qa2 Qxa2+ 27. Bxa2 e6 28. g4 h6 29. Nd2 Kf8 30. f4 Bb5 31. f5 Ke7 32. h4 Nc6 33. g5 hxg5 34. hxg5 Nh5 35. c4 Nd4+ 36. Kf2 Ba4 37. f6+ Kd7 38. Bb1 Kc6 39. Nf3 Nf4 40. Kg3 Nfe2+ 41. Kf2 Nc3 42. Nh4 Kd7 43. Ng4 Bd1 44. Nh6 Ke8 45. Ng8 Nxb1 46. Ne7 Bh5 47. Nc8 Kd7 48. Ne7 Nc6 49. Ng8 Nd2 50. Nh6 Ke8 51. Ke3 Nb3 52. Ng2 e5 53. Ng8 Nbd4 54. Ne1 Ne6 55. Nf3 Bxf3 56. Kxf3 Nxg5+ 57. Kg4 Nh7 58. Nh6 Nxf6+ 59. Kg5 Ke7 60. Kh4 Nb4 0-1

[Event "Timbo op"]
[Site "Timbo"]
[Date "2021.02.20"]
[Round "3"]
[White "Messias, Jose Vitor Lamosa P"]
[Black "Manske, Dayana Luiza"]
[Result "1-0"]
[WhiteElo "1688"]
[BlackElo "1739"]
[PlyCount "75"]
[EventDate "2021.02.19"]
[EventType "swiss"]
[EventRounds "6"]
[EventCountry "BRA"]
[SourceTitle "EXT 2022"]
[Source "ChessBase"]
[SourceDate "2021.10.06"]
[SourceVersion "1"]
[SourceVersionDate "2021.10.06"]
[SourceQuality "1"]

1. e4 e5 2. Nf3 d6 3. Bc4 Nc6 4. c3 Be6 5. Bxe6 fxe6 6. Qb3 Qc8 7. Ng5 Nd8 8. 0-0 h6 9. Nf3 c5 10. d4 exd4 11. cxd4 a6 12. dxc5 Qxc5 13. Be3 Qb5 14. Qc2 e5 15. Na3 Qc6 16. Qd3 Nf6 17. Nd2 d5 18. exd5 Nxd5 19. Rac1 Qe6 20. Rfe1 Nb4 21. Qe4 Be7 22. Bc5 Nxa2 23. Rc2 Nc6 24. Bxe7 Kxe7 25. Nac4 Kf6 26. b3 Nab4 27. Rc3 Rhe8 28. Rf3+ Kg5 29. h4+ Kh5 30. Rf5+ g5 31. g4+ Kg6 32. Rxe5+ Kf7 33. Rxe6 Rxe6 34. Qh7+ Kf6 35. Qxh6+ Kf7 36. Rxe6 Nd5 37. Nd6+ Kg8 38. Rg6# 1-0